000 01489nam a2200409 c 4500
999 _c51322
_d51322
001 51322
003 ES-MaCES
005 20190829142812.0
007 cr |||||||||||
008 190829s2018 lu r m000 | eng d
020 _a9789279967153
040 _aES-MaCES
_bspa
_cES-MaCES
245 0 0 _aLabour market and wage developments in Europe
_hRecurso electrónico
_b: annual review 2018
_cEuropean Commission Directorate-General for Employement, Social Affairs and Inclusion
260 _aLuxembourg
_bPublications Office of the European Union
_c2018
300 _a1 documento pdf
_c(5,93 mb)
504 _aBibliografía: p. 140-149
541 _cGratuito
650 4 _amercado de trabajo
_928292
650 4 _aanálisis del mercado de mano de obra
_930745
650 4 _aempleo
_928299
650 4 _adesempleo
_928308
650 4 _acondiciones de empleo
_930040
650 4 _apolítica de empleo
_928300
650 4 _asalario
_928387
650 4 _aestructura de los salarios
_928393
650 4 _apolítica salarial
_928391
650 4 _aEuropa
_926940
650 4 _aUE
_926752
650 4 _apaís de la UE
_929020
650 4 _a2018
_939065
650 4 _928986
_ainforme
653 1 0 _aEmpleo
710 2 _92037
_aComisión de las Comunidades Europeas
_bDirección General de Empleo, Asuntos Sociales e Inclusión
856 4 _uhttp://biblioteca.ces.es/repintra/B51322.pdf
_ytexto completo
_z[intranet]
902 _aELE PUB. ELECTRONICA
942 _2CES
_cBK
_h2.1.